000 00365nam a2200133Ia 4500
005 20260328104337.0
008 260328s9999||||xx |||||||||||||| ||und||
100 _aFréchet, Maurice
245 0 _aIntroducción a la Topologia Combinatoria /
_cMaurice Fréchet
260 _bUniversitaria de Buenos Aires
300 _a62 p.
650 _aARQUITECTURA
942 _cBK
999 _c11940
_d11940